La reforma.

Bibliographic Details
Uniform Title:Reforma (Los Angeles, Calif.)
Other Authors: Célis, E. F. de
Format: Microform Newspaper
Language:Spanish
Published: Los Angeles, Calif. : E.F. de Célis
Series:Chicano serials collection ; Sec. 8, roll 1.
Subjects:

MARC

Tag First Indicator Second Indicator Subfields
LEADER 00000cas a2200000Ia 4500
001 in00003595607
005 20170928135538.0
007 hd afu---bucu
008 060822d18771878caucr nea 0 0spa d
035 |a (OCoLC)ocm71008888 
040 |a IND  |b eng  |c IND  |d OCLCQ  |d OCLCF  |d OCLCO  |d TXA  |d UtOrBLW 
043 |a n-us-ca 
049 |a TXAM 
050 1 4 |a E184.M5  |b C4535 Sec. 8, roll 1 
052 |a 4363  |b L6 
130 0 |a Reforma (Los Angeles, Calif.) 
245 1 3 |a La reforma. 
264 1 |a Los Angeles, Calif. :  |b E.F. de Célis 
300 |a volumes 
310 |a Semiweekly 
336 |a text  |b txt  |2 rdacontent 
337 |a microform  |b h  |2 rdamedia 
338 |a microfilm reel  |b hd  |2 rdacarrier 
362 1 |a Began in 1877; ceased in 1878.  |z Cf. Gregory, W. Amer. newspapers. 
500 |a Editor: <May 16, 1878> E.F. de Célis. 
530 |a Also issued in print. 
588 |a Description based on: Año 1, no. 43 (mayo 16, 1878). 
533 |a Microfilm.  |b Palo Alto, Calif. :  |c [Filmed by Bay Microfilm, Inc., Library Microfilms Division, in conjunction with the Chicano Studies Collections, University of California, Berkeley],  |e 1 microfilm reel ; 35 mm.  |f ([Chicano serials collection] ; Sec. 8, roll 1)  |n Filmed with other titles. 
500 |a Microform. 
651 0 |a Los Angeles (Calif.)  |v Newspapers.  |0 http://id.loc.gov/authorities/subjects/sh2008116075 
651 7 |a California  |z Los Angeles.  |2 fast  |0 (OCoLC)fst01204540 
655 7 |a Newspapers.  |2 fast  |0 (OCoLC)fst01423814 
700 1 |a Célis, E. F. de. 
752 |a United States  |b California  |c Los Angeles  |d Los Angeles. 
776 1 |c Original  |w (OCoLC)10213788 
830 0 |a Chicano serials collection ;  |v Sec. 8, roll 1.  |0 http://id.loc.gov/authorities/names/no2003067927 
994 |a C0  |b TXA 
948 |a cataloged  |b h  |c 2015/10/22  |d c  |e coplinger  |f 2:42:52 pm 
999 f f |s 952205f7-39f6-3248-8fc8-6d8106d04e80  |i 47429089-c530-3db3-8d96-b1b7e8930d3b  |t 0 
952 f f |a Texas A&M University  |b College Station  |c Sterling C. Evans Library  |d Evans: Microforms Film (3rd floor)  |t 0  |e E184.M5 C4535 Sec. 8, roll 1  |h Library of Congress classification 
998 f f |a E184.M5 C4535 Sec. 8, roll 1  |s ano 1:no.43 (1878:mayo 16)  |t 0  |l Evans: Microforms Film (3rd floor)